Реализация компетентностного, личностно-ориентированного подхода в обучении в бизнес-школе Пятигорского государственного лингвистического университета (Запись № 9706971)
[ простой вид ]
| 000 -МАРКЕР | |
|---|---|
| контрольное поле | 02628nam0a2200397 i 4500 |
| 001 - ИДЕНТИФИКАТОР ЗАПИСИ | |
| контрольное поле | RU\NLR\BIBL_A\010400914 |
| 005 - ИДЕНТИФИКАТОР ВЕРСИИ | |
| контрольное поле | 20241105184406.0 |
| 010 ## - МЕЖДУНАРОДНЫЙ СТАНДАРТНЫЙ НОМЕР КНИГИ (ISBN) | |
| Номер (ISBN) | 9785422005369 |
| Тираж | 500 |
| 021 ## - НОМЕР ГОСУДАРСТВЕННОЙ РЕГИСТРАЦИИ | |
| Код страны | Российская Федерация |
| Номер | 2014-25779 |
| Номер Листа государственной регистраци | 1600 |
| 035 ## - ДРУГИЕ СИСТЕМНЫЕ НОМЕРА | |
| Идентификатор записи | (NILC)RuMoRGB-006774615 |
| 035 ## - ДРУГИЕ СИСТЕМНЫЕ НОМЕРА | |
| Идентификатор записи | (NLR Aleph) 010400914 |
| 100 ## - ДАННЫЕ ОБЩЕЙ ОБРАБОТКИ | |
| Данные общей обработки | 20140611d2014 k y0rusy50 ca |
| 101 0# - ЯЗЫК РЕСУРСА | |
| Язык текста, звукозаписи и т.д. | русский |
| 102 ## - СТРАНА ПУБЛИКАЦИИ ИЛИ ПРОИЗВОДСТВА | |
| Страна публикации | Российская Федерация |
| 105 ## - ПОЛЕ КОДИРОВАННЫХ ДАННЫХ: ТЕКСТОВЫЕ МАТЕРИАЛЫ, МОНОГРАФИЧЕСКИЕ | |
| Кодированные данные о монографическом текстовом документе | ac||z|||001yc |
| 200 1# - ЗАГЛАВИЕ И СВЕДЕНИЯ ОБ ОТВЕТСТВЕННОСТИ | |
| Основное заглавие | Реализация компетентностного, личностно-ориентированного подхода в обучении в бизнес-школе Пятигорского государственного лингвистического университета |
| Сведения, относящиеся к заглавию | монография |
| Первые сведения об ответственности | М.А. Коргова, А.М. Салогуб, Л.Р. Мхеидзе, К.Х. Демир |
| Последующие сведения об ответственности | М-во образования и науки Рос. Федерации, Федер. гос. бюджет. образоват. учреждение высш. проф. образования "Пятигор. гос. лингвист. ун-т", [Бизнес-шк.] |
| 210 ## - ПУБЛИКАЦИЯ, РАСПРОСТРАНЕНИЕ И ДР. | |
| Место издания, распространения и т.д. | Пятигорск |
| Имя издателя, распространителя и т. д. | Пятигорский государственный лингвистический университет |
| Дата издания, распространения и т.д. | 2014 |
| 215 ## - ФИЗИЧЕСКАЯ ХАРАКТЕРИСТИКА | |
| Специфическое обозначение материала и объем | 101 с. |
| Другие сведения о физической характеристике | цв. ил., портр. |
| Размеры | 20 |
| 300 ## - ОБЩИЕ ПРИМЕЧАНИЯ | |
| Текст примечания | На 100-й с. авт.: Коргова М.А., д.социол.н., проф., Салогуб А.М., д.социол.н., доц., Мхеидзе Л.Р., к.социол.н., преп., Демир К.Х., преп. |
| 320 ## - ПРИМЕЧАНИЯ О НАЛИЧИИ В ДОКУМЕНТЕ БИБЛИОГРАФИИ / УКАЗАТЕЛЯ | |
| Текст примечания | Библиогр.: с. 97-99 (26 назв.) |
| 601 02 - НАИМЕНОВАНИЕ ОРГАНИЗАЦИИ КАК ПРЕДМЕТ | |
| Начальный элемент ввода | Пятигорский государственный лингвистический университет |
| Структурное подразделение организации | Бизнес-школа |
| Системный номер авторитетной/нормативной записи | 2250030 |
| Идентификатор авторитетной/нормативной записи | RU\NLR\AUTH\6601580338 |
| 610 0# - НЕКОНТРОЛИРУЕМЫЕ ПРЕДМЕТНЫЕ ТЕРМИНЫ | |
| Предметный термин | бизнес-образование |
| 610 0# - НЕКОНТРОЛИРУЕМЫЕ ПРЕДМЕТНЫЕ ТЕРМИНЫ | |
| Предметный термин | бизнес-школы |
| 675 ## - УНИВЕРСАЛЬНАЯ ДЕСЯТИЧНАЯ КЛАССИФИКАЦИЯ (UDC/УДК) | |
| Индекс | 334.012:378 |
| 686 1# - ИНДЕКСЫ ДРУГИХ КЛАССИФИКАЦИЙ | |
| Индекс | Ч489.34(2Р)7 |
| 701 #1 - ИМЯ ЛИЦА - АЛЬТЕРНАТИВНАЯ ОТВЕТСТВЕННОСТЬ | |
| Начальный элемент ввода | Коргова |
| Часть имени, кроме начального элемента ввода | М. А. |
| Расширение инициалов личного имени | Марина Анатольевна |
| 701 #1 - ИМЯ ЛИЦА - АЛЬТЕРНАТИВНАЯ ОТВЕТСТВЕННОСТЬ | |
| Начальный элемент ввода | Салогуб |
| Часть имени, кроме начального элемента ввода | А. М. |
| Расширение инициалов личного имени | Анжела Михайловна |
| 701 #1 - ИМЯ ЛИЦА - АЛЬТЕРНАТИВНАЯ ОТВЕТСТВЕННОСТЬ | |
| Начальный элемент ввода | Мхеидзе |
| Часть имени, кроме начального элемента ввода | Л. Р. |
| Дополнения к именам, кроме дат | канд. социол. наук |
| Расширение инициалов личного имени | Лия Ревазовна |
| Системный номер авторитетной/нормативной записи | 190464 |
| Идентификатор авторитетной/нормативной записи | RU\NLR\AUTH\770190515 |
| 701 #1 - ИМЯ ЛИЦА - АЛЬТЕРНАТИВНАЯ ОТВЕТСТВЕННОСТЬ | |
| Начальный элемент ввода | Демир |
| Часть имени, кроме начального элемента ввода | К. Х. |
| Расширение инициалов личного имени | Карина Хусейновна |
| 801 #0 - ИСТОЧНИК ЗАПИСИ | |
| Страна | Российская Федерация |
| Организация | RuMoRKP |
| Дата составления | 20140407 |
| Правила каталогизации | RCR |
| 801 #2 - ИСТОЧНИК ЗАПИСИ | |
| Страна | Российская Федерация |
| Организация | РГБ |
| Дата составления | 20140422 |
| Правила каталогизации | rcr |
| 942 ## - ДОПОЛНИТЕЛЬНЫЕ ЭЛЕМЕНТЫ ЗАПИСИ (АБИС) | |
| Тип экземпляра АБИС | Книга |
| 980 ## - КОЛЛЕКЦИЯ | |
| Название коллекции | НБР |
Нет доступных экземпляров.